Pioneers and Their Contributions to Software Engineering : sd & m Conference on Software Pioneers, Bonn, June 28/29, 2001, Original Historic Contributions /

Bibliographic Details
Main Author: Broy, Manfred
Corporate Author: SpringerLink (Online service)
Other Authors: Denert, Ernst
Format: eBook
Language:English
Published: Berlin, Heidelberg : Springer Berlin Heidelberg, 2001.
Subjects:
Online Access:Connect to the full text of this electronic book

MARC

Tag First Indicator Second Indicator Subfields
LEADER 00000cam a2200000Ma 4500
001 in00003554321
006 m o d
007 cr nn|||||||||
008 121227s2001 gw o 000 0 eng d
005 20260421173421.9
020 |a 9783642483547 (electronic bk.) 
020 |a 3642483542 (electronic bk.) 
035 |a (OCoLC)840291843 
040 |a I9W  |b eng  |e pn  |c I9W  |d OCLCQ  |d UV0  |d OCLCO  |d GW5XE  |d OCLCF  |d UtOrBLW 
049 |a TXAM 
050 4 |a QA76.758 
082 0 4 |a 005.1  |2 23 
100 1 |a Broy, Manfred. 
245 1 0 |a Pioneers and Their Contributions to Software Engineering :  |b sd & m Conference on Software Pioneers, Bonn, June 28/29, 2001, Original Historic Contributions /  |c edited by Manfred Broy, Ernst Denert. 
264 1 |a Berlin, Heidelberg :  |b Springer Berlin Heidelberg,  |c 2001. 
300 |a 1 online resource (VI, 569 pages) 
336 |a text  |b txt  |2 rdacontent 
337 |a computer  |b c  |2 rdamedia 
338 |a online resource  |b cr  |2 rdacarrier 
500 |a Electronic resource. 
650 0 |a Computer science. 
650 0 |a Software engineering. 
650 7 |a Computer science.  |2 fast  |0 (OCoLC)fst00872451 
650 7 |a Software engineering.  |2 fast  |0 (OCoLC)fst01124185 
655 7 |a Electronic books.  |2 local 
700 1 |a Denert, Ernst. 
710 2 |a SpringerLink (Online service) 
856 4 0 |u http://proxy.library.tamu.edu/login?url=https://link.springer.com/10.1007/978-3-642-48354-7  |z Connect to the full text of this electronic book  |t 0 
994 |a 92  |b TXA 
999 |a MARS 
999 f f |s 236cac78-6f9d-3376-a216-a19295a12123  |i 8758dd8c-a554-3658-b054-fcc150738f9d  |t 0 
952 f f |a Texas A&M University  |b College Station  |c Electronic Resources  |s www_evans  |d Available Online  |t 0  |e QA76.758  |h Library of Congress classification 
998 f f |a QA76.758  |t 0  |l Available Online